| 000 | 00684nam a2200229Ia 4500 | ||
|---|---|---|---|
| 003 | OSt | ||
| 005 | 20220518094349.0 | ||
| 008 | 210716s2011 xx 000 0 und d | ||
| 020 | _a9781441900333 | ||
| 040 | _cAIMIT LIBRARY | ||
| 041 | _aeng | ||
| 082 |
_a621.3822 _21 _bYARR |
||
| 100 |
_aYarlagadda, R K Rao. _937445 |
||
| 245 |
_aAnalog and digital signals and systems / _cBy R.K. Rao Yarlagadda. |
||
| 250 | _a1st ed. | ||
| 260 |
_aNew Delhi : _bSpringer , _c2011. |
||
| 300 |
_axxviii,540p. ; _bPB _c24 cm. |
||
| 650 |
_aSignal Processing. _937446 |
||
| 650 |
_aAnalog and digital. _937722 |
||
| 650 |
_aSignals and Systems. _937723 |
||
| 942 |
_2ddc _cBK _e1st _k621.3822 YARR |
||
| 999 |
_c193354 _d193354 |
||